000 00646nam a2200241 a 4500
008
020 _a033351954X (pbk.)
049 _aMAIN
090 _aQC451 KEM
100 1 _aKemp, William
245 1 0 _aOrganic spectroscopy /
_cWilliam Kemp.
250 _a3rd ed.
260 _aLondon :
_bMacmillan,
_c1991
300 _axxii, 393 p. :
_bill. ;
_c24 cm.
650 0 _aSpectrum analysis.
650 0 _aChemistry, Organic.
650 7 _aAnalyse spectrale.
_2ram
907 _a.b10032587
_b14-03-07
_c17-04-03
003
005 20230123133525.0
040 _cNUST
942 _cBOOKS
_kQC451 KEM
999 _c150082
_d150082